[Event "Buenos Aires"]
[Site "Buenos Aires"]
[Date "1992.??.??"]
[Round "?"]
[White "Ricardi, Pablo"]
[Black "Szmetan, Jorge"]
[Result "1-0"]
[WhiteElo "2465"]
[BlackElo "2400"]

1.Nf3 Nf6 2.g3 b6 3.Bg2 Bb7 4.O-O c5 5.c4 e6 6.Nc3 Be7 7.d4 cxd4 8.Qxd4 d6
9.b3 a6 10.Rd1 Nbd7 11.Bb2 O-O 12.Ng5 Bxg2 13.Kxg2 Qc7 14.Nge4 Rfd8 15.Rac1 Qb7
16.f3 Nc5 17.Rc2 Ncxe4 18.Nxe4 h6 19.Nxf6+ Bxf6 20.Qf4 Bxb2 21.Rxb2 d5 22.Rbd2 Re8
23.cxd5 exd5 24.e4 Rac8 25.Rxd5 Rc2+ 26.R1d2 Qc6 27.Qd6 Rxd2+ 28.Rxd2 Qc1
29.Re2 Re6 30.Qb8+ Kh7 31.Qb7 Qd1 32.Rf2 Rd6 33.Qxf7 Rd2 34.Qf5+ Kg8 35.Qc8+ Kh7
36.Qxa6 Rxf2+ 37.Kxf2 Qd4+ 38.Ke2 Qg1 39.e5 Qxh2+ 40.Ke3 Qxg3 41.Qd3+ Kh8
42.Kd4 Qh4+ 43.Qe4 Qf2+ 44.Qe3 Qxa2 45.e6 Qa1+ 46.Kd5 Qa8+ 47.Kd6 Qd8+ 48.Kc6 Kg8
49.b4 h5 50.b5 Qe7 51.f4 h4 52.f5 g6 53.Qxb6 gxf5 54.Qb8+ Kg7 55.Qe5+ Kg6
56.b6 Qe8+ 57.Kc5 Qe7+ 58.Qd6 Qg5 59.Kc6 h3 60.e7+ Kf7 61.Kd7  1-0

[Event "Grand Prix I"]
[Site "Buenos Aires"]
[Date "1992.??.??"]
[Round "4"]
[White "Altamirano, Benjamin"]
[Black "Szmetan, Jorge"]
[Result "0-1"]
[WhiteElo "2225"]
[BlackElo "2400"]

1.Nf3 Nf6 2.g3 b6 3.Bg2 Bb7 4.O-O c5 5.c4 e6 6.b3 Be7 7.Bb2 a6 8.e3 d6 9.Qe2 O-O
10.Nc3 Nbd7 11.Rfd1 Qc7 12.Rac1 Rfe8 13.h3 Bf8 14.d4 Rad8 15.e4 cxd4 16.Nxd4 Qb8
17.Qc2 Qa8 18.Re1 g6 19.Rcd1 Bg7 20.Kh2 Nc5 21.b4 Ncd7 22.Na4 Rc8 23.b5 e5
24.Nc6 Bxc6 25.bxc6 Qxc6 26.Qb3 Qxc4 27.Rxd6 Qxb3 28.axb3 Rc2 29.Bc1 b5 30.Nb6 Nc5
31.Rc6 Nd3 32.Rxc2 Nxe1 33.Re2 Nxg2 34.Kxg2 Rd8 35.Bg5 Rd6 36.Bxf6 Rxb6 37.Be7 Bf8
38.Bxf8 Kxf8 39.Rc2 Rd6 40.Rc7 Rd4 41.Ra7 Rxe4 42.Rxa6 Rb4 43.Ra3 Ke7 44.Kf1 h5
45.h4 Ke6 46.Ke2 Kd5 47.Ra7 Ke6 48.Ra3 Kf5 49.f3 e4 50.Ke3 exf3 51.Kxf3 f6
52.Kg2 Kg4 53.Kh2 Rd4 54.Ra2 Rd3 55.Rf2 Rxg3 56.Rxf6 Kxh4 57.Rb6 Rg5 58.Rd6 Kg4
59.Rf6 h4 60.Kg2 Kh5+ 61.Kh2 Rd5  0-1

[Event "Grand Prix I"]
[Site "Buenos Aires"]
[Date "1992.??.??"]
[Round "6"]
[White "Fiorito, Fabian"]
[Black "Szmetan, Jorge"]
[Result "0-1"]
[WhiteElo "2410"]
[BlackElo "2400"]

1.Nf3 Nf6 2.c4 c5 3.g3 b6 4.Bg2 Bb7 5.O-O e6 6.Nc3 Be7 7.Re1 d5 8.cxd5 Nxd5
9.Nxd5 Bxd5 10.e4 Bb7 11.d4 cxd4 12.Nxd4 O-O 13.Be3 Nd7 14.Qe2 Nc5 15.Red1 Qe8
16.f3 Ba6 17.Qd2 Rd8 18.e5 f6 19.f4 fxe5 20.fxe5 Qh5 21.b4 Nd3 22.b5 Bxb5
23.Nxb5 Qxe5 24.Nxa7 Nb2 25.Nc6 Rxd2 26.Nxe5 Rxd1+ 27.Rxd1 Nxd1 28.Bxb6 Rb8
29.Bd4 Rb1 30.Be4 Rb4 31.Nc6 Ra4  0-1

[Event "Buenos Aires Najdorf qual"]
[Site "Buenos Aires"]
[Date "1992.??.??"]
[Round "7"]
[White "Altamirano, Benjamin"]
[Black "Markeluk, Sergio"]
[Result "0-1"]
[WhiteElo "2225"]
[BlackElo "2375"]

1.Nf3 c5 2.g3 b6 3.Bg2 Bb7 4.O-O Nf6 5.c4 e6 6.b3 a6 7.Bb2 d6 8.Nc3 Be7 9.d4 cxd4
10.Nxd4 Bxg2 11.Kxg2 O-O 12.e3 Ra7 13.Qf3 Qc8 14.Rfd1 Rc7 15.Rac1 Nbd7 16.Kg1 Rd8
17.Qg2 Nc5 18.g4 Qa8 19.Qxa8 Rxa8 20.g5 Nfe4 21.Nxe4 Nxe4 22.f4 Rac8 23.Kg2 Nc5
24.Kf3 f5 25.Ba3 Kf7 26.Bb4 Ne4 27.Ra1 b5 28.cxb5 axb5 29.a4 bxa4 30.bxa4 g6
31.Ra2 e5 32.Ne2 Rb7 33.Be1 Rb3 34.a5 exf4 35.Nxf4 Nxg5+ 36.Ke2 Rcb8 37.Rdd2 Ne4
38.Rdc2 Bd8 39.Nd5 Ke6 40.Nf4+ Kd7 41.a6 Bb6 42.Nd5 Bc5 43.Ba5 Ra8 44.Be1 Ra7
45.Ra5 g5 46.Ra4 Ke6 47.Nc3 Nxc3+ 48.Bxc3 Ra3 49.Rxa3 Bxa3 50.Bd4 Rxa6 51.Ra2 Ra5
52.Bc3 Ra7 53.Bd4 Ra4 54.Kd3 Ra5 55.Kc4 Bb4 56.Rg2 Bc5 57.Rxg5 d5+ 58.Kc3 Bxd4+
59.exd4 Ra3+  0-1

[Event "Cannes op"]
[Site "Cannes"]
[Date "1992.??.??"]
[Round "?"]
[White "Trauth, Michael"]
[Black "Kovacevic, Slobodan"]
[Result "0-1"]
[WhiteElo "2245"]
[BlackElo "2395"]

1.Nf3 c5 2.c4 b6 3.g3 Bb7 4.Bg2 Nf6 5.O-O e6 6.Nc3 a6 7.d4 cxd4 8.Qxd4 d6
9.Bg5 Be7 10.Rfd1 Nbd7 11.Nd2 Bxg2 12.Kxg2 Rc8 13.Nde4 Rc6 14.Nxf6+ Bxf6
15.Bxf6 Nxf6 16.e4 Qc7 17.a4 O-O 18.b3 h6 19.f4 Rc8 20.Rd2 Nd7 21.Qe3 Nc5
22.Rb1 Nb7 23.f5 Rc5 24.fxe6 fxe6 25.Rf1 Nd8 26.Qf4 Nf7 27.Ne2 Qe7 28.Nd4 Re8
29.Qe3 Qb7 30.Rdf2 Ng5 31.Re2 Re5 32.Rf4 d5 33.Nf3 Rxe4 34.Rxe4 Nxe4 35.Qd4 Nf6
36.h3 dxc4 37.Qxc4 b5 38.Qc5 Ne4 39.Qe5 Ng5 40.Re3 Rf8 41.Qc3 bxa4 42.bxa4 a5  0-1

[Event "Cannes op"]
[Site "Cannes"]
[Date "1992.??.??"]
[Round "?"]
[White "Anic, Darko"]
[Black "Kovacevic, Slobodan"]
[Result "1-0"]
[WhiteElo "2405"]
[BlackElo "2395"]

1.Nf3 c5 2.c4 b6 3.g3 Bb7 4.Bg2 Nf6 5.O-O e6 6.b3 d6 7.Nc3 a6 8.d4 cxd4 9.Qxd4 Nbd7
10.Rd1 Be7 11.e4 Qc7 12.Ba3 Nc5 13.e5 dxe5 14.Qxe5 Qxe5 15.Nxe5 Bxg2 16.Kxg2 Rc8
17.Bb2 Rc7 18.Kf3 h5 19.h3 h4 20.g4 Nh7 21.Ke3 Nf8 22.f4 f6 23.Nf3 Rh7 24.Rd2 Nfd7
25.Rad1 g6 26.Ke2 Bf8 27.g5 Be7 28.b4 Nb7 29.a3 f5 30.Na4 Bf8 31.Ne5 Nxe5
32.Bxe5 Rc6 33.Kf3 Rxc4 34.Nxb6 Rc6 35.Nd7 Be7 36.Nb8 Rc4 37.Nxa6 Bd8 38.Nc5 Bb6
39.Nxe6 Re7 40.Nd4 Rc3+ 41.Rd3 Rc4 42.Nb5 Rc2 43.R3d2 Rd7 44.Ke2 Rdxd2+ 45.Rxd2 Rc1
46.Nd6+ Nxd6 47.Rxd6 Bd8 48.Rxg6 Rh1 49.Rg8+ Kd7 50.g6 Rxh3 51.g7 Rg3 52.Rh8 h3
53.g8=Q  1-0

[Event "EU-chT (Men)"]
[Site "Debrecen"]
[Date "1992.??.??"]
[Round "1"]
[White "Anastasian, Ashot"]
[Black "Moutousis, Konstantinos"]
[Result "1/2-1/2"]
[WhiteElo "2490"]
[BlackElo "2405"]

1.Nf3 c5 2.g3 b6 3.Bg2 Bb7 4.O-O Nf6 5.c4 e6 6.Nc3 a6 7.d4 cxd4 8.Qxd4 d6
9.Rd1 Nbd7 10.Nd2 Bxg2 11.Kxg2 Rc8 12.Nde4 Rc6 13.Bf4 Qa8 14.Nd5 exd5 15.cxd5 Rc5
16.Nxc5 bxc5 17.Qe3+ Kd8 18.Qd3 h6 19.e4 g5 20.Bd2 Ne5 21.Qe2 g4 22.Bc3 Nfd7
23.b4 c4 24.a4 Bg7 25.b5 h5 26.h4 gxh3+ 27.Kh1 Rh7 28.b6 Qb7 29.a5 Nd3 30.Bxg7 Rxg7
31.Rxd3 cxd3 32.Qxd3 Qc8 33.Rb1 Ne5 34.Qe2 Ke7 35.b7 Qb8 36.Qxa6 h4 37.Qa8 hxg3
38.Qxb8 g2+ 39.Kh2 Nf3+ 40.Kxh3 g1=N+ 41.Rxg1 Nxg1+ 42.Kh4 Nf3+ 43.Kh5 Rg5+
44.Kh6 Rg6+ 45.Kh7 Ng5+ 46.Kh8 Rh6+ 47.Kg7 Rg6+  1/2-1/2

[Event "EU-chT (Men)"]
[Site "Debrecen"]
[Date "1992.??.??"]
[Round "9"]
[White "Tisdall, Jonathan D"]
[Black "Kiik, Kalle"]
[Result "1-0"]
[WhiteElo "2455"]
[BlackElo "2395"]

1.Nf3 e6 2.c4 c5 3.g3 b6 4.Bg2 Bb7 5.O-O Nf6 6.Nc3 a6 7.Re1 d6 8.e4 Nbd7
9.d4 cxd4 10.Nxd4 Qc7 11.Be3 Be7 12.f4 O-O 13.Rc1 Rad8 14.Bf2 Qb8 15.f5 e5
16.Nc2 Rc8 17.g4 h6 18.h4 Rxc4 19.g5 hxg5 20.hxg5 Nh7 21.f6 gxf6 22.Ne3 Rd4
23.Qg4 f5 24.Nxf5 Bxg5 25.Nxd4 exd4 26.Qxd7 Bc8 27.Qc6 Bxc1 28.Rxc1 dxc3
29.Rxc3 Be6 30.Bh3 Bxh3 31.Rxh3 f6 32.Qd5+ Kh8 33.Qf5 Qc7 34.Bd4 Rg8+ 35.Kf2 Qc2+
36.Ke3 Qc1+ 37.Kd3 Qd1+ 38.Kc3 Qc1+ 39.Kb3 Qd1+ 40.Ka3 Rg7 41.Qc8+  1-0

[Event "Dortmund op-A"]
[Site "Dortmund"]
[Date "1992.??.??"]
[Round "9"]
[White "Petrosian, Arshak B"]
[Black "Bischoff, Klaus"]
[Result "1/2-1/2"]
[WhiteElo "2470"]
[BlackElo "2495"]

1.Nf3 Nf6 2.c4 e6 3.g3 b6 4.Bg2 Bb7 5.O-O c5 6.Nc3 d6 7.Re1 Nbd7 8.e4 Ne5
9.d4 Nxf3+ 10.Bxf3 cxd4 11.Qxd4 Be7 12.b3 O-O 13.Ba3 Qb8 14.Rad1 Rd8 15.Re2 Ne8
16.Qe3 h6 17.Bg2 Bc6 18.Red2 Qb7 19.Nd5 Bf8 20.Nb4 Rac8 21.Nxc6 Qxc6 22.e5 Qc7
23.Bb2 Be7 24.Qe4 dxe5 25.Qxe5 Rxd2 26.Rxd2 Bd6 27.Qb5 Nf6 28.Qa6 Rd8 29.Qb7 Qxb7
30.Bxb7 Kf8 31.Kf1 Ke7 32.Ke2 a5 33.h3 Bc5 34.Rxd8 Kxd8 35.Be5 Ke7 36.g4 g5
37.f3 Ne8 38.Bc6 f6 39.Bb2 Nd6 40.Kd3 Nf7 41.Bb7 Ne5+  1/2-1/2

[Event "Wch U18"]
[Site "Duisburg"]
[Date "1992.??.??"]
[Round "4"]
[White "Zoler, Dan"]
[Black "Kumaran, Dharshan"]
[Result "1-0"]
[WhiteElo "2370"]
[BlackElo "2380"]

1.Nf3 Nf6 2.c4 c5 3.g3 b6 4.Bg2 Bb7 5.O-O e6 6.Nc3 Be7 7.d4 cxd4 8.Qxd4 d6
9.b3 O-O 10.Bb2 a6 11.Rad1 b5 12.Nd2 Bxg2 13.Kxg2 Nc6 14.Qf4 Ne5 15.Nce4 Ng6
16.Qf3 bxc4 17.Nxf6+ Bxf6 18.Bxf6 Qxf6 19.Qxf6 gxf6 20.Nxc4 d5 21.Nb6 Rad8
22.Rc1 Rd6 23.Na4 d4 24.Rc5 Ne5 25.Nb2 Rfd8 26.Rfc1 Kg7 27.Nd3 Nxd3 28.exd3 f5
29.R1c4 Rd5 30.Rc7 e5 31.Kf3 Ra5 32.Rc2 Rd6 33.R7c5 Rxc5 34.Rxc5 Kf6 35.b4 Re6
36.a3 e4+ 37.Ke2 Rd6 38.Kd2 Ke6 39.g4 fxg4 40.dxe4 Kd7 41.Rh5 Rf6 42.Rf5 Rh6
43.Rxf7+ Ke6 44.Rf4 Rxh2 45.Kd3 h5 46.Kxd4 Rg2 47.Rf5 h4 48.Ke3 g3 49.fxg3 Rxg3+
50.Rf3 Ke5 51.a4 Rg5 52.a5 Ke6 53.Rf5 Rg1 54.Rh5 Rh1 55.Kd4 h3 56.Kc5 h2
57.Kb6 Rb1 58.Rxh2 Rxb4+ 59.Kxa6 Rxe4 60.Rb2 Kd5 61.Kb5 Kd6 62.Kb6 Kd7 63.a6  1-0

[Event "Troll Masters"]
[Site "Gausdal"]
[Date "1992.??.??"]
[Round "8"]
[White "Groenn, Atle"]
[Black "Morris, Philip"]
[Result "1/2-1/2"]
[WhiteElo "2310"]
[BlackElo "2390"]

1.Nf3 Nf6 2.c4 c5 3.g3 b6 4.Bg2 Bb7 5.O-O e6 6.Nc3 a6 7.d4 cxd4 8.Qxd4 d6
9.Ng5 Bxg2 10.Kxg2 Nc6 11.Qd2 Be7 12.b3 O-O 13.Rd1 Qc7 14.Bb2 h6 15.Nge4 Rfd8
16.Kg1 Qb7 17.Nxf6+ Bxf6 18.Ne4 Bxb2 19.Qxb2 d5 20.cxd5 Nb4 21.Qe5 Rxd5 22.Rxd5 Qxd5
23.Qxd5 Nxd5 24.Rc1 Kf8 25.Kg2 Ke7 26.Nc3 Nxc3 27.Rxc3 Rd8 28.Kf3 Rd2 29.Rc6 Rxa2
30.Rxb6  1/2-1/2

[Event "NRW-Liga II 9192"]
[Site "Germany"]
[Date "1992.??.??"]
[Round "?"]
[White "Sandkamp, Ralph"]
[Black "Kruszynski, Wlodzimierz"]
[Result "1/2-1/2"]
[WhiteElo "2215"]
[BlackElo "2375"]

1.Nf3 Nf6 2.g3 b6 3.Bg2 Bb7 4.O-O e6 5.c4 c5 6.b3 d6 7.Nc3 a6 8.d4 cxd4 9.Qxd4 Nbd7
10.Rd1 Be7 11.e4 Qc8 12.Ba3 Nc5 13.Bxc5 bxc5 14.Qe3 Qc7 15.h3 Nd7 16.e5 Nxe5
17.Nxe5 dxe5 18.Bxb7 Qxb7 19.Rd3 Qc7 20.Rad1 Rd8 21.Rxd8+ Bxd8 22.Na4 Be7
23.Qd2 f5 24.Kh2 e4 25.Qe3 Kf7 26.Kg2 Rc8 27.g4 g6 28.Qh6 Rg8 29.Qxh7+ Rg7
30.Qh8 Qb7 31.Nc3 f4 32.Re1 e3+ 33.f3 Qb4 34.Rc1 e2 35.Kf2 e1=Q+ 36.Kxe1 Bf6
37.Kd2 Rg8 38.Qh6 Rd8+ 39.Ke2 Bxc3 40.Qxf4+ Ke7 41.Rd1 Rxd1 42.Kxd1 Qb6 43.Kc2 Bd4
44.Qd2 Qd6 45.f4 Qc6 46.Qe2 Kf7 47.a3 Qh1 48.f5 e5 49.fxg6+ Kxg6 50.b4 Kg5
51.bxc5 Qxh3 52.Qd2+ Kxg4 53.c6 Qxa3 54.Qg2+ Kf4 55.Qh2+ Kg4 56.Qg2+ Kf4
57.Qh2+ Kg4 58.Qg2+  1/2-1/2

[Event "NRW-Liga I 9192"]
[Site "Germany"]
[Date "1992.??.??"]
[Round "?"]
[White "Odendahl, Reiner"]
[Black "Thiel, Kuno"]
[Result "1/2-1/2"]
[WhiteElo "2295"]
[BlackElo "2325"]

1.Nf3 Nf6 2.c4 b6 3.g3 Bb7 4.Bg2 e6 5.O-O c5 6.Nc3 Be7 7.Re1 d6 8.e4 e5 9.d3 Nc6
10.Nd5 O-O 11.Bd2 Nxd5 12.exd5 Nd4 13.Nxd4 exd4  1/2-1/2

[Event "BL2-O9192"]
[Site "Germany"]
[Date "1992.??.??"]
[Round "?"]
[White "Mandl, Robert"]
[Black "Womacka, Mathias"]
[Result "1-0"]
[WhiteElo "2415"]
[BlackElo "2445"]

1.c4 c5 2.Nf3 Nf6 3.g3 b6 4.Bg2 Bb7 5.O-O e6 6.Nc3 Be7 7.d3 O-O 8.e4 d6 9.Ne1 Nc6
10.b3 Qd7 11.Nc2 a6 12.f4 Nd4 13.Ne3 b5 14.g4 Ne8 15.Bb2 Rb8 16.g5 f5 17.exf5 Nxf5
18.Nxf5 Rxf5 19.Be4 Bxe4 20.dxe4 Rf7 21.cxb5 axb5 22.Qg4 b4 23.Ne2 Nc7 24.Ng3 g6
25.Rf3 d5 26.Be5 Bd6 27.Bf6 e5 28.Qxd7 Rxd7 29.fxe5 Bf8 30.Rd1 d4 31.Ne2 Ne6
32.Nf4 Rb6 33.Kf1 Ra7 34.Rd2 Nxf4 35.Rxf4 Rba6 36.Rff2 Ra8 37.Rc2 R8a7 38.Rfd2 Kf7
39.Ke2 Ke6 40.Kd3 Rd7 41.Kc4 Ra5 42.Kd3 Ra6 43.Rg2 Ra5 44.Rgf2 Ra8 45.Rg2 Ra5
46.h4 Ra6 47.Rh2 Ra8 48.h5 gxh5 49.Rxh5 Ra5 50.Rh3 Ra8 51.Kc4 Ra5 52.Rg2 Ra6
53.Kb5 Raa7 54.Kc4 Ra6 55.Rgh2 Raa7 56.Rf3 Rf7 57.Rf5 Rad7 58.Kd3 Ra7 59.Rc2 Ra6
60.Kc4 Raa7 61.Rcf2 Rfd7 62.Bh8 Bg7 63.Bxg7 Rxg7 64.Kxc5 d3 65.Kd4 d2 66.Rf6+ Ke7
67.Rxd2 Rxg5 68.Rh2 h5 69.Rh6 Rd7+ 70.Kc4 Rxe5 71.Rh7+ Kd8 72.Rxd7+ Kxd7
73.Rh4 Ra5 74.Kxb4 Rxa2 75.Rxh5 Re2 76.Rd5+ Kc6 77.Rc5+ Kb6 78.Rc4 Re3 79.Rd4 Kc7
80.Kc4 Kc6 81.b4 Re1 82.b5+ Kb6 83.Kd5 Kxb5 84.e5 Kb6 85.Kd6 Kb7 86.e6 Kc8
87.e7 Re2 88.Rc4+ Kb7 89.Rc5  1-0

[Event "Gistrup"]
[Site "Gistrup"]
[Date "1992.??.??"]
[Round "9"]
[White "Konopka, Michal"]
[Black "Kruszynski, Wlodzimierz"]
[Result "1/2-1/2"]
[WhiteElo "2360"]
[BlackElo "2375"]

1.Nf3 Nf6 2.c4 e6 3.g3 b6 4.Bg2 Bb7 5.O-O c5 6.Nc3 d6 7.d4 cxd4 8.Qxd4 a6
9.Bg5 Nbd7 10.Nd2 Bxg2 11.Kxg2 Be7 12.Nde4 Qc7 13.Rfd1 O-O 14.Rac1  1/2-1/2

[Event "Havana op"]
[Site "Havana"]
[Date "1992.??.??"]
[Round "?"]
[White "Nogueiras, Jesus"]
[Black "Bueno Perez, Lazaro"]
[Result "1-0"]
[WhiteElo "2550"]
[BlackElo "2250"]

1.Nf3 e6 2.c4 c5 3.g3 b6 4.Bg2 Bb7 5.O-O Nf6 6.b3 Nc6 7.Bb2 Be7 8.Nc3 O-O
9.e3 d5 10.d3 Rb8 11.Qe2 a6 12.d4 cxd4 13.exd4 dxc4 14.bxc4 b5 15.d5 exd5
16.cxb5 axb5 17.Nxb5 Ba6 18.a4 Ne4 19.Rad1 Qa5 20.Rxd5 Qxa4 21.Nfd4 Nxd4
22.Qxe4 Bxb5 23.Bxd4 Bxf1 24.Bxf1 Rb4 25.Bd3 g6 26.Qe5 Rxd4 27.Rxd4 Qa1+
28.Kg2 Bb4 29.Qe4 Qe1  1-0

[Event "Helsinki op"]
[Site "Helsinki"]
[Date "1992.??.??"]
[Round "7"]
[White "Bagirov, Vladimir"]
[Black "Brodsky, Michail"]
[Result "1-0"]
[WhiteElo "2500"]
[BlackElo "2540"]

1.Nf3 Nf6 2.c4 b6 3.g3 c5 4.Bg2 Bb7 5.O-O e6 6.Nc3 Be7 7.Re1 d5 8.cxd5 Nxd5
9.e4 Nb4 10.d4 cxd4 11.Nxd4 N8c6 12.Nxc6 Nxc6 13.e5 O-O 14.Qg4 Kh8 15.Bf4 Qb8
16.Rad1 Bb4 17.Rd7 Bxc3 18.bxc3 Nd8 19.Bh6 gxh6 20.Qh4 Bxg2 21.Qf6+ Kg8 22.Kxg2 Qc8
23.Re4 h5 24.Qg5+ Kh8 25.Qf6+ Kg8 26.Rdd4 Re8 27.Qg5+ Kh8 28.Rg4  1-0

[Event "Helsinki op"]
[Site "Helsinki"]
[Date "1992.??.??"]
[Round "8"]
[White "Gurieli, Nino"]
[Black "Nykopp, Jan Michael F"]
[Result "1-0"]
[WhiteElo "2375"]
[BlackElo "2250"]

1.Nf3 Nf6 2.c4 b6 3.g3 Bb7 4.Bg2 e6 5.O-O c5 6.b3 Be7 7.Bb2 O-O 8.e3 d6 9.Nc3 Nbd7
10.Qe2 Ne5 11.Nxe5 Bxg2 12.Kxg2 dxe5 13.d3 Qd7 14.Rad1 Rad8 15.Qf3 Qc8 16.g4 Nd7
17.Kh1 f5 18.gxf5 Rxf5 19.Qg2 Rg5 20.Qh3 Nf6 21.f3 Rh5 22.Qg3 Rf8 23.Ne2 Ne8
24.e4 Rf6 25.Rg1 Rg6 26.Qf2 Bh4 27.Ng3 Qd8 28.Rg2 Nf6 29.Qg1 Bxg3 30.Rxg3 Rhh6
31.Bxe5 Nh5 32.Rxg6 Rxg6 33.Qe3 Qh4 34.Rg1 Qh3 35.Rxg6 hxg6 36.Kg1 Kh7 37.d4 cxd4
38.Bxd4 Qh4 39.Be5 Qd8 40.Kg2 Qd1 41.Kf2 Qd8 42.Ke2 Qf8 43.Qd2 Qc5 44.Bd4 Qc7
45.Kd1 Qf7 46.Qc3 Qf4 47.Be5 Qg5 48.b4 a5 49.bxa5 bxa5 50.c5 Qg1+ 51.Kc2 Nf6
52.c6 Qf2+ 53.Kc1 Qf1+ 54.Kb2 Ng8 55.c7 Ne7 56.Bxg7 Qb5+ 57.Ka3 Nc8 58.Bh8 e5
59.Bxe5 Nb6 60.c8=Q Nxc8 61.Qc7+ Kh6 62.Qg7+ Kg5 63.h4+  1-0

[Event "Liechtenstein op"]
[Site "Liechtenstein"]
[Date "1992.??.??"]
[Round "?"]
[White "Espig, Lutz"]
[Black "Adianto, Utut"]
[Result "1-0"]
[WhiteElo "2415"]
[BlackElo "2485"]

1.Nf3 Nf6 2.c4 e6 3.g3 b6 4.Bg2 Bb7 5.O-O c5 6.Nc3 Be7 7.d4 cxd4 8.Qxd4 d6
9.Rd1 a6 10.b3 Nbd7 11.e4 O-O 12.Ba3 Nc5 13.e5 dxe5 14.Qxd8 Rfxd8 15.Nxe5 Bxg2
16.Kxg2 Bf8 17.Bb2 h6 18.Kf3 Bd6 19.Nc6 Rd7 20.b4 Nb7 21.Na4 Rc7 22.Nxb6 Re8
23.b5 e5 24.a4 e4+ 25.Ke2 Bc5 26.Nd5 Nxd5 27.Rxd5 e3 28.f3 Bb6 29.Rad1 axb5
30.axb5 Na5 31.c5 Nxc6 32.cxb6 Nd4+ 33.Bxd4 Rc2+ 34.Kd3  1-0

[Event "Liechtenstein op"]
[Site "Liechtenstein"]
[Date "1992.??.??"]
[Round "?"]
[White "Espig, Lutz"]
[Black "Atlas, Valeri"]
[Result "1/2-1/2"]
[WhiteElo "2415"]
[BlackElo "2435"]

1.Nf3 e6 2.g3 b6 3.Bg2 Bb7 4.c4 c5 5.O-O Nf6 6.Nc3 Be7 7.d4 cxd4 8.Qxd4 d6
9.Rd1 a6 10.b3 Nbd7 11.e4 Qc7 12.Ba3 Nc5 13.e5 dxe5 14.Qxe5 Rc8 15.Qxc7 Rxc7
16.Bc1 O-O 17.Bf4 Rcc8 18.Bd6 Rfe8 19.Bxe7 Rxe7 20.Rd6 Rd7 21.Rad1 Rcd8 22.Rxd7 Rxd7
23.Rxd7 Nfxd7 24.Nd4 Bxg2 25.Kxg2 Nb8 26.f4 Kf8 27.Kf3 Ke7 28.Ke3 Kd7 29.b4 Nb7
30.a3 Nd6 31.Kd3 Nc6 32.Nb3 Kc7 33.c5 Nb5 34.Nb1 e5 35.Kc4 exf4 36.gxf4 bxc5
37.Nxc5 Nd6+ 38.Kd3 a5 39.Nc3 axb4 40.Nd5+ Kd8 41.axb4 h6 42.Ke3 g5 43.fxg5 hxg5
44.Ne4 Nc4+ 45.Kf2 Kd7  1/2-1/2

[Event "Manila ol (Men)"]
[Site "Manila"]
[Date "1992.??.??"]
[Round "?"]
[White "McNab, Colin Anderson"]
[Black "Sunye Neto, Jaime"]
[Result "0-1"]
[WhiteElo "2475"]
[BlackElo "2510"]

1.Nf3 Nf6 2.c4 e6 3.g3 b6 4.Bg2 Bb7 5.O-O c5 6.b3 Be7 7.Bb2 O-O 8.d3 d6 9.Nc3 a6
10.e4 Nbd7 11.Qe2 Re8 12.Nd2 e5 13.f4 exf4 14.gxf4 Bf8 15.Rf2 Rb8 16.Nf1 Ba8
17.Ne3 b5 18.Raf1 bxc4 19.bxc4 g6 20.Ba1 Bg7 21.Bh3 Bc6 22.Qd1 Rf8 23.Rg2 Kh8
24.Ncd5 Bxd5 25.cxd5 Nb6 26.Kh1 Re8 27.Nf5 gxf5 28.Rxg7 Kxg7 29.Qh5 Nd7 30.Bxf5 Nf8
31.Qg5+ Ng6 32.h4 h6 33.Qg2 Kh7 34.e5 dxe5 35.fxe5 Qxd5 36.Qxd5 Nxd5 37.h5 Ne3
38.Bxg6+ fxg6 39.Rf7+ Kg8 40.hxg6 Rb1+ 41.Kh2 Rxa1 42.Kg3 Rg1+ 43.Kf4 Rxg6
44.Ra7 Ng4 45.Kf5 Rg5+ 46.Kf4 Nxe5  0-1

[Event "Manila ol (Men)"]
[Site "Manila"]
[Date "1992.??.??"]
[Round "?"]
[White "Afifi, Assem"]
[Black "Galego, Luis"]
[Result "0-1"]
[WhiteElo "2395"]
[BlackElo "2405"]

1.Nf3 c5 2.c4 Nf6 3.g3 b6 4.Bg2 Bb7 5.O-O e6 6.Nc3 Be7 7.d4 cxd4 8.Nxd4 Bxg2
9.Kxg2 O-O 10.e4 Qc7 11.Qe2 d6 12.b3 a6 13.Bb2 Nc6 14.Rfd1 Rfd8 15.Rac1 Nxd4
16.Rxd4 Qb7 17.Rcd1 h6 18.f3 Nd7 19.a4 Nc5 20.Qc2 Qc7 21.R4d2 Rac8 22.Ne2 Qb8
23.Qc3 Bf6 24.Qb4 Be7 25.Qc3 Bf6 26.Qb4 a5 27.Qa3 Bg5 28.Rc2 Qb7 29.h4 Be7
30.Rcd2 d5 31.exd5 Ne4 32.fxe4 Bxa3 33.Bxa3 exd5 34.exd5 Re8 35.Nd4 Qd7 36.Rf1 Re3
37.Rf4 Rce8 38.Bb2 R8e4 39.Rdf2 Rxf4 40.Rxf4 Rd3 41.Rf3 Rd1 42.Bc3 Qe7 43.Kf2 Qe4
44.Re3 Qh1 45.Re8+ Kh7 46.Ne2 Qf1+ 47.Ke3 Qf5 48.Re4 Qg6 49.g4 Qd6 50.g5 Rb1
51.gxh6 Qxh6+ 52.Kd3 Qg6 53.h5 Qf5 54.Ng3 Qf3+ 55.Re3 Qd1+ 56.Ke4 Qxb3 57.Nf5 Qxc4+
58.Bd4 Rf1 59.Rc3 Qxa4 60.Ne3 Rf4+  0-1

[Event "Melitopol Cup (Women)"]
[Site "Melitopol"]
[Date "1992.??.??"]
[Round "7"]
[White "Ranniku, Maaja"]
[Black "Saunina, Ludmila"]
[Result "1-0"]
[WhiteElo "2240"]
[BlackElo "2165"]

1.Nf3 Nf6 2.c4 e6 3.g3 b6 4.Bg2 Bb7 5.O-O c5 6.Nc3 Be7 7.b3 d6 8.Bb2 Nbd7
9.d4 cxd4 10.Nxd4 Bxg2 11.Kxg2 Qc7 12.e4 a6 13.f3 O-O 14.Qd2 Qb7 15.Rfd1 Rfd8
16.Rac1 Rac8 17.Qe2 Bf8 18.Nc2 Re8 19.Ne3 h6 20.h3 Rb8 21.a4 Rbc8 22.Rd2 Qc6
23.Ba3 Nc5 24.Qd1 Qb7 25.b4 Ncd7 26.Qe2 Red8 27.Kh2 Qa8 28.Ncd1 Ne5 29.Nc3 Re8
30.Rcd1 Rb8 31.Nb1 Red8 32.Rc2 Re8 33.Bb2 Red8 34.Rdc1 Re8 35.Qd1 Red8 36.Qd4 Re8
37.Nd2  1-0

[Event "Meudon op"]
[Site "Meudon"]
[Date "1992.??.??"]
[Round "5"]
[White "Leroy, Adrien"]
[Black "Badii, Madjid"]
[Result "1/2-1/2"]
[WhiteElo "2215"]
[BlackElo "2260"]

1.c4 c5 2.Nf3 Nf6 3.g3 b6 4.Bg2 Bb7 5.O-O e6 6.Nc3 Be7 7.d4 cxd4 8.Qxd4 d6
9.b3 Nbd7 10.Bb2 a6 11.Nh4 Bxg2 12.Nxg2 O-O 13.e4 Qc7 14.f4 d5 15.Kh1 dxc4
16.g4 Rfd8 17.g5 Nh5 18.Qe3 b5 19.bxc4 bxc4 20.f5 g6 21.fxe6 fxe6 22.Ne2 Bf8
23.Ngf4 Nxf4 24.Nxf4 Nc5 25.Rac1 Qb7 26.Qc3 Qxe4+ 27.Ng2 e5 28.Rf4 Qe2 29.Re1 Rd1
30.Qxc4+ Qxc4 31.Rxc4 Rxe1+ 32.Nxe1 Rd8 33.Bxe5 Rd1 34.Bg3 Nd3 35.Rd4 Rxe1+
36.Bxe1 Nxe1 37.Ra4 Nf3 38.h4 Bc5 39.Kg2 Ne1+ 40.Kh3 Nd3 41.Rxa6 Kg7 42.Rc6 h5
43.a4 Bf2 44.Rc7+ Kg8 45.Rc4 Be1 46.Kg2 Kf7 47.Kf1 Ba5 48.Ke2 Nb4 49.Rc5 Bd8
50.Rc4 Nd5 51.Rc5 Ke6 52.Rc6+ Kf5 53.Rd6 Nc3+ 54.Kd3 Be7 55.Rd7 Bb4 56.Kc4 Ba5
57.Ra7 Bb6 58.Ra6 Nxa4 59.Rxa4 Be3 60.Kd3 Bf2 61.Ke2 Bg3 62.Kf3 Be5 63.Ra5 Ke6
64.Ra8 Kf7 65.Ra7+ Kg8 66.Ra4 Kf7 67.Ke4 Bc3 68.Kd5 Bb2 69.Ra7+ Kg8 70.Ke6 Bc3
71.Rf7 Bb2 72.Rf6 Kg7 73.Rf7+ Kg8 74.Rb7 Bc3 75.Rb5 Bd4 76.Re5 Kg7 77.Kd5 Bc3
78.Re3 Bb2 79.Rb3 Ba1 80.Ra3 Bb2 81.Ra2 Bc3 82.Rc2 Ba1 83.Ke6 Kg8 84.Rc5 Bb2
85.Rc8+ Kg7 86.Rb8 Bc3 87.Rb5 Bd4 88.Re5 Bb2 89.Kd5 Bc3 90.Ke4 Bb2 91.Rd5 Bc3
92.Rd4 Kf7 93.Kd3 Bb2 94.Rf4+ Kg7 95.Rd4 Kf7 96.Rd7+ Ke8 97.Rc7 Be5 98.Rc3 Kf7  1/2-1/2

[Event "Montevideo ITT"]
[Site "Montevideo"]
[Date "1992.??.??"]
[Round "11"]
[White "Bauza, Alejandro"]
[Black "Valiente, Cristobal"]
[Result "1/2-1/2"]
[WhiteElo "2265"]
[BlackElo "2335"]

1.Nf3 Nf6 2.g3 b6 3.Bg2 Bb7 4.O-O e6 5.c4 c5 6.Nc3 Be7 7.Re1 d6 8.e4 Nbd7
9.d4 cxd4 10.Nxd4 Qc7 11.b3 O-O 12.Bb2 a6 13.Rc1 Rad8 14.Nd5 exd5 15.cxd5 Qb8
16.Nc6 Bxc6 17.dxc6 Nc5 18.c7 Qxc7 19.b4 Rfe8 20.bxc5 bxc5 21.Qa4 Qd7 22.Qxa6  1/2-1/2

[Event "Moscow rapid"]
[Site "Moscow"]
[Date "1992.??.??"]
[Round "?"]
[White "Sorokin, Maxim"]
[Black "Ulibin, Mikhail"]
[Result "0-1"]
[WhiteElo "2550"]
[BlackElo "2570"]

1.Nf3 Nf6 2.g3 c5 3.Bg2 b6 4.O-O Bb7 5.c4 e6 6.b3 Be7 7.Bb2 O-O 8.e3 d6 9.Qe2 Nbd7
10.d4 cxd4 11.exd4 d5 12.Ne5 Qc7 13.f4 dxc4 14.Bxb7 Qxb7 15.bxc4 Rac8 16.Nd2 Rfd8
17.Ndf3 Qe4 18.Qf2 Nxe5 19.Nxe5 b5 20.Rae1 Qb7 21.c5 Qd5 22.g4 Ne4 23.Qg2 f5
24.Kh1 Bh4 25.Re2 Bf6 26.Nf3 g6  0-1

[Event "Alekhine op"]
[Site "Moscow"]
[Date "1992.??.??"]
[Round "?"]
[White "Shvedchikov, Anatoli I"]
[Black "Gipslis, Aivars"]
[Result "1/2-1/2"]
[WhiteElo "2400"]
[BlackElo "2465"]

1.c4 c5 2.Nf3 Nf6 3.g3 b6 4.Bg2 Bb7 5.O-O e6 6.Nc3 Be7 7.b3 O-O 8.Bb2 d5
9.cxd5 Nxd5 10.Nxd5 Bxd5 11.d4 Nd7 12.Rc1 Rc8 13.dxc5 Nxc5 14.Ne1 Bxg2 15.Nxg2 Qxd1
16.Rfxd1 Rfd8 17.Ne3 Rxd1+ 18.Rxd1 Rd8 19.Rxd8+ Bxd8  1/2-1/2

[Event "NOR-chT east"]
[Site "NOR"]
[Date "1992.??.??"]
[Round "5"]
[White "Ofstad, Per"]
[Black "Lauvas, Dag"]
[Result "0-1"]
[WhiteElo "2225"]
[BlackElo "2220"]

1.Nf3 Nf6 2.g3 b6 3.Bg2 Bb7 4.O-O c5 5.c4 e6 6.Nc3 Be7 7.d3 O-O 8.e4 d6 9.Nh4 Nfd7
10.f4 Nc6 11.Nf3 Bf6 12.Kh1 a6 13.Rb1 Nd4 14.Ne2 Nxf3 15.Bxf3 b5 16.b3 Qc7
17.g4 g6 18.Ng3 Bd4 19.Qe2 b4 20.Bb2 Bxb2 21.Qxb2 Qd8 22.Kg2 Qh4 23.h3 a5
24.Kh2 a4 25.Rg1 axb3 26.axb3 Qe7 27.Nf5 exf5 28.gxf5 Ra7 29.Rg2 Qf6 30.Qd2 Qc3
31.Qe3 Qd4 32.Qd2 Kh8 33.fxg6 fxg6 34.Rbg1 Ra1 35.Bd1 Qf6 36.Bg4 Rxg1 37.Rxg1 Bc6
38.Rf1 Ra8 39.Bf3 Qg7 40.Rg1 Ra1 41.Rg5 Rb1  0-1

[Event "Nordic zt"]
[Site "?"]
[Date "1992.??.??"]
[Round "3"]
[White "Karlsson, Lars"]
[Black "Hjartarson, Johann"]
[Result "1/2-1/2"]
[WhiteElo "2480"]
[BlackElo "2595"]

1.Nf3 Nf6 2.g3 b6 3.Bg2 Bb7 4.O-O e6 5.c4 c5 6.b3 d6 7.Bb2 a6 8.e3 Be7 9.Qe2 O-O
10.Nc3 Nbd7 11.Rfd1 Re8 12.Qf1 Rb8 13.d4 Qc7 14.Rac1 cxd4 15.Nxd4 g6 16.Bxb7 Qxb7
17.Qg2 Rec8 18.Qxb7 Rxb7 19.Kf1 Ne8 20.Ke2 Nf8 21.f4 f5 22.Kf3 Kf7 23.g4 fxg4+
24.Kxg4 Nd7 25.e4 Rc5 26.Rf1 b5 27.cxb5 axb5 28.e5 dxe5 29.fxe5+ Kg8 30.Nxe6 Rxe5
31.Rce1 Bf6 32.Rxe5 Nxe5+ 33.Kh3 Nf7 34.Kg2 Ra7 35.Rf2  1/2-1/2